Alle Kommunen im Rhein-Erft-Kreis - Statistiken

Allgemein
  • Dieses Quiz wurde 26 mal gespielt
  • Das Durchschnittsergebnis liegt bei 8 aus 10
Antwortstatistiken
Antwort % Korrekt
Bergheim
94%
Erftstadt
89%
Kerpen
83%
Brühl
78%
Pulheim
78%
Bedburg
72%
Frechen
72%
Hürth
72%
Wesseling
61%
Elsdorf
50%
Keine übereinstimmenden Quizze gefunden
Verteilung der Resultate
Anzahl Personen mit jedem Resultat
Perzentil nach korrekt beantworteten Fragen
Ihre Resultats-Entwicklung
Sie haben dieses Quiz noch nicht gespielt